Pracovná rehabilitácia nezamestnaných so zmenenou pracovnou schopnosťou vo výskumnej analýze
Zmenená zdravotná schopnosť a zamestnanie. Program individualizovaných služieb zamestnanosti. Psychosociálny stav evidovaných nezamestnaných so ZPS. Možnosti odborného poradenstva. Deprivačné faktory posttraumatickej stresovej poruchy (PTSP). Zmenená pracovná schopnosť a pracovná spôsobilosť. Pracov...
Salvato in:
| Autore principale: | |
|---|---|
| Natura: | Capitolo di libro |
| Lingua: | slovacco |
| Soggetti: | |
| Tags: |
Nessun Tag, puoi essere il primo ad aggiungerne!!
|
MARC
| LEADER | 00000naa a2200000 4500 | ||
|---|---|---|---|
| 001 | r047370 | ||
| 005 | 20230807083858.6 | ||
| 041 | 0 | |a slo | |
| 044 | |a SK | ||
| 245 | 1 | 0 | |a Pracovná rehabilitácia nezamestnaných so zmenenou pracovnou schopnosťou vo výskumnej analýze |c Antonín Kozoň |
| 520 | |a Zmenená zdravotná schopnosť a zamestnanie. Program individualizovaných služieb zamestnanosti. Psychosociálny stav evidovaných nezamestnaných so ZPS. Možnosti odborného poradenstva. Deprivačné faktory posttraumatickej stresovej poruchy (PTSP). Zmenená pracovná schopnosť a pracovná spôsobilosť. Pracovná rehabilitácia. | ||
| 610 | 2 | 0 | |a osoby so zníženou pracovnou schopnosťou |
| 610 | 2 | 0 | |a invalidi |
| 610 | 2 | 0 | |a invalidita |
| 610 | 2 | 0 | |a zamestnanosť |
| 610 | 2 | 0 | |a nezamestnanosť |
| 610 | 2 | 0 | |a psychológia |
| 610 | 2 | 0 | |a psychológia sociálna |
| 610 | 2 | 0 | |a poradenstvo profesionálne |
| 610 | 2 | 0 | |a stresy |
| 610 | 2 | 0 | |a spôsobilosť k práci |
| 610 | 2 | 0 | |a rehabilitácia pracovná |
| 100 | 1 | |a Kozoň, Antonín | |